Metas de inflación (Registro nro. 15190)

Detalles MARC
000 -LEADER
fixed length control field 00293 a2200109 4500
001 - CONTROL NUMBER
control field ART_22818
005 - DATE AND TIME OF LATEST TRANSACTION
control field 20260410161701.0
008 - FIXED-LENGTH DATA ELEMENTS--GENERAL INFORMATION
fixed length control field 260409a
100 1# - MAIN ENTRY--PERSONAL NAME
Personal name Arestis, Philip
245 10 - TITLE STATEMENT
Title Metas de inflación
773 0# - HOST ITEM ENTRY
Title Ensayos Económicos
Related parts - Nº 68 (jun. 2013)
Record control number REV620

No hay ítems disponibles.